000 01305nam a22002417a 4500
999 _c59049
_d59049
003 Ge_BSU
005 20221111120507.0
008 221111s2021ge xxu||||| |||| 00| 0 geo d
020 _a9789941488412
041 _ageo
080 _a821.133.1-31 დ-15
100 _aდავითაძე, თამილა
_96052
245 _aთანამედროვე ფრანგული რომანის სამყაროში :
_bI ნაწილი /
_cთამილა დავითაძე, რედ: მარინე გიორგაძე, თამარ სირაძე.
264 _aბათუმი:
_bბათუმის შოთა რუსთაველის სახელმწიფო უნ-ტი,
_c2021.
300 _a102 გვ.:
_b19 სმ.
504 _aბიბლიოგრაფ.გვ: 96-102
653 _aთანამედროვე ფრანგული რომანის სამყაროში
653 _aფრანგული ლიტერატურა
700 _aგიორგაძე, მარინე
_eრედაქტორი
_915777
700 _aსირაძე, თამარ
_eრედაქტორი
_915778
773 _tნაჩუქარი
942 _2udc
_cBK